000
00302 a2200157 4500
001
172974
020
_a
040
_c
Magnum
100
_a
Orthof, Sylvia
240
1
0
_a
Pomba colomba
_l
por
245
1
0
_a
Pomba colomba
362
0
_a
1899
440
1
_a
Ática
697
_a
I/ANIMAIS
942
_c
BK
999
_c
172974
_d
172974